| 000 | 00369nam a2200145Ia 4500 | ||
|---|---|---|---|
| 008 | 150201s2006 xx 000 0 und d | ||
| 082 |
_a617.645 _bM2006S |
||
| 100 | _aSERIO,FRANCIS | ||
| 245 | _aMANUAL OF CLINICAL PERIODONTICS | ||
| 250 | _a1ST | ||
| 260 |
_bLEXI-COMP PUBLICATION _aHUDSON(OHIO) _c2006 |
||
| 300 | _a1-146 | ||
| 650 | _aPERIODONTICS | ||
| 942 |
_2ddc _cBK |
||
| 999 |
_c3547 _d3547 |
||